Score 0/20 Timer 03:00
0 Plays Today
Distance Country % Correct
611.2 kmJapan
95.9%
264.3 kmSouth Korea
95.4%
1,495.4 kmIndonesia
87%
3.7 kmTaiwan
86.3%
1,440.0 kmMalaysia
83%
134.2 kmThailand
82.2%
442.2 kmCambodia
81.6%
1,193.3 kmIran
80.6%
912.1 kmPhilippines
80.2%
618.3 kmTurkmenistan
77%
Distance Country % Correct
1,954.5 kmSingapore
76.9%
120.9 kmUzbekistan
76.1%
2,149.3 kmSri Lanka
71.3%
91.2 kmBangladesh
71.3%
1,573.9 kmBrunei
64.8%
1,950.5 kmAzerbaijan
60.1%
2,269.5 kmGeorgia
58.5%
2,302.2 kmArmenia
56.9%
2,060.1 kmOman
28.4%
2,122.7 kmUnited Arab Emirates
27.2%
Remove Ads.
Support Sporcle.
Get the best of Sporcle when you Go Orange. This ad-free experience offers more features, more stats, and more fun while also helping to support Sporcle. Thank you for becoming a member.

You're not logged in!

Compare scores with friends on all Sporcle quizzes.
OR
Log In

Show Comments

Extras

Top Quizzes Today


Score Distribution

Your Account Isn't Verified!

In order to create a playlist on Sporcle, you need to verify the email address you used during registration. Go to your Sporcle Settings to finish the process.

Report this User

Report this user for behavior that violates our Community Guidelines.

Details: